00222nam a2200085Ia 4500001000800000005001700008008004100025245004900066260002100115120626120251009143503.0250824s9999 xx 000 0 und d 0aSATRANÇ OYNAYAN DERVİŞ cA.ALİ URAL bŞULE YAYINLARI